<?xml version="1.0" encoding="UTF-8"?>
<record
    xmlns:xsi="http://www.w3.org/2001/XMLSchema-instance"
    xsi:schemaLocation="http://www.loc.gov/MARC21/slim http://www.loc.gov/standards/marcxml/schema/MARC21slim.xsd"
    xmlns="http://www.loc.gov/MARC21/slim">

  <leader>02120nam0a2200385   4500</leader>
  <controlfield tag="001">RU\NLR\bibl\1511636</controlfield>
  <controlfield tag="005">20241119211115.0</controlfield>
  <datafield tag="020" ind1=" " ind2=" ">
    <subfield code="a">RU</subfield>
    <subfield code="b">00-2287</subfield>
    <subfield code="9">&#x41B;&#x435;&#x442;&#x43E;&#x43F;&#x438;&#x441;&#x44C; &#x430;&#x432;&#x442;&#x43E;&#x440;&#x435;&#x444;&#x435;&#x440;&#x430;&#x442;&#x43E;&#x432; &#x434;&#x438;&#x441;&#x441;&#x435;&#x440;&#x442;&#x430;&#x446;&#x438;&#x439;</subfield>
  </datafield>
  <datafield tag="021" ind1=" " ind2=" ">
    <subfield code="a">RU</subfield>
    <subfield code="b">2010-946&#x430;</subfield>
    <subfield code="9">038&#x430;&#x430;</subfield>
  </datafield>
  <datafield tag="035" ind1=" " ind2=" ">
    <subfield code="a">(NLR Aleph) 001503032</subfield>
  </datafield>
  <datafield tag="090" ind1=" " ind2=" ">
    <subfield code="a">1799223</subfield>
    <subfield code="c">1799223</subfield>
  </datafield>
  <datafield tag="100" ind1=" " ind2=" ">
    <subfield code="a">20100412d2009    u  u0rusy50      ca</subfield>
  </datafield>
  <datafield tag="101" ind1="0" ind2=" ">
    <subfield code="a">rus</subfield>
  </datafield>
  <datafield tag="102" ind1=" " ind2=" ">
    <subfield code="a">RU</subfield>
  </datafield>
  <datafield tag="105" ind1=" " ind2=" ">
    <subfield code="a">a   dm  |||||</subfield>
  </datafield>
  <datafield tag="135" ind1=" " ind2=" ">
    <subfield code="a">crgn 008aaaba</subfield>
  </datafield>
  <datafield tag="200" ind1="1" ind2=" ">
    <subfield code="a">&#x425;&#x440;&#x43E;&#x43D;&#x43E;&#x431;&#x438;&#x43E;&#x43B;&#x43E;&#x433;&#x438;&#x447;&#x435;&#x441;&#x43A;&#x430;&#x44F; &#x43A;&#x43E;&#x43D;&#x446;&#x435;&#x43F;&#x446;&#x438;&#x44F; &#x43B;&#x435;&#x441;&#x43E;&#x432;&#x43E;&#x434;&#x441;&#x442;&#x432;&#x435;&#x43D;&#x43D;&#x44B;&#x445; &#x43C;&#x435;&#x440;&#x43E;&#x43F;&#x440;&#x438;&#x44F;&#x442;&#x438;&#x439; &#x432; &#x441;&#x43B;&#x43E;&#x436;&#x43D;&#x44B;&#x445; &#x435;&#x43B;&#x44C;&#x43D;&#x438;&#x43A;&#x430;&#x445; &#x43D;&#x430; &#x44E;&#x433;&#x43E;-&#x437;&#x430;&#x43F;&#x430;&#x434;&#x435; &#x440;&#x430;&#x439;&#x43E;&#x43D;&#x430; &#x445;&#x432;&#x43E;&#x439;&#x43D;&#x43E;-&#x448;&#x438;&#x440;&#x43E;&#x43A;&#x43E;&#x43B;&#x438;&#x441;&#x442;&#x432;&#x435;&#x43D;&#x43D;&#x44B;&#x445; (&#x441;&#x43C;&#x435;&#x448;&#x430;&#x43D;&#x43D;&#x44B;&#x445;) &#x43B;&#x435;&#x441;&#x43E;&#x432; &#x435;&#x432;&#x440;&#x43E;&#x43F;&#x435;&#x439;&#x441;&#x43A;&#x43E;&#x439; &#x447;&#x430;&#x441;&#x442;&#x438; &#x420;&#x43E;&#x441;&#x441;&#x438;&#x439;&#x441;&#x43A;&#x43E;&#x439; &#x424;&#x435;&#x434;&#x435;&#x440;&#x430;&#x446;&#x438;&#x438;</subfield>
    <subfield code="e">(&#x41A;&#x430;&#x43B;&#x443;&#x436;&#x441;&#x43A;&#x430;&#x44F; &#x43E;&#x431;&#x43B;&#x430;&#x441;&#x442;&#x44C;)</subfield>
    <subfield code="e">&#x430;&#x432;&#x442;&#x43E;&#x440;&#x435;&#x444;&#x435;&#x440;&#x430;&#x442; &#x434;&#x438;&#x441;&#x441;&#x435;&#x440;&#x442;&#x430;&#x446;&#x438;&#x438; &#x43D;&#x430; &#x441;&#x43E;&#x438;&#x441;&#x43A;&#x430;&#x43D;&#x438;&#x435; &#x443;&#x447;&#x435;&#x43D;&#x43E;&#x439; &#x441;&#x442;&#x435;&#x43F;&#x435;&#x43D;&#x438; &#x434;. &#x441;.-&#x445;. &#x43D;.</subfield>
    <subfield code="e">&#x441;&#x43F;&#x435;&#x446;&#x438;&#x430;&#x43B;&#x44C;&#x43D;&#x43E;&#x441;&#x442;&#x44C; 06.03.03 &lt;&#x41B;&#x435;&#x441;&#x43E;&#x432;&#x435;&#x434;&#x435;&#x43D;&#x438;&#x435; &#x438; &#x43B;&#x435;&#x441;&#x43E;&#x432;&#x43E;&#x434;&#x441;&#x442;&#x432;&#x43E;, &#x43B;&#x435;&#x441;&#x43D;&#x44B;&#x435; &#x43F;&#x43E;&#x436;&#x430;&#x440;&#x44B; &#x438; &#x431;&#x43E;&#x440;&#x44C;&#x431;&#x430; &#x441; &#x43D;&#x438;&#x43C;&#x438;&gt;</subfield>
    <subfield code="f">&#x411;&#x438;&#x442;&#x43A;&#x43E;&#x432; &#x41B;&#x435;&#x43E;&#x43D;&#x438;&#x434; &#x41C;&#x438;&#x445;&#x430;&#x439;&#x43B;&#x43E;&#x432;&#x438;&#x447;</subfield>
    <subfield code="g">[&#x411;&#x440;&#x44F;&#x43D;. &#x433;&#x43E;&#x441;. &#x438;&#x43D;&#x436;&#x435;&#x43D;&#x435;&#x440;.-&#x442;&#x435;&#x445;&#x43D;&#x43E;&#x43B;. &#x430;&#x43A;&#x430;&#x434;.]</subfield>
  </datafield>
  <datafield tag="210" ind1=" " ind2=" ">
    <subfield code="a">&#x411;&#x440;&#x44F;&#x43D;&#x441;&#x43A;</subfield>
    <subfield code="d">2009</subfield>
  </datafield>
  <datafield tag="215" ind1=" " ind2=" ">
    <subfield code="a">34 &#x441;.</subfield>
    <subfield code="c">&#x438;&#x43B;.</subfield>
    <subfield code="d">21</subfield>
  </datafield>
  <datafield tag="320" ind1=" " ind2=" ">
    <subfield code="a">&#x411;&#x438;&#x431;&#x43B;&#x438;&#x43E;&#x433;&#x440;.: &#x441;. 33-34 (8 &#x43D;&#x430;&#x437;&#x432;.)</subfield>
  </datafield>
  <datafield tag="325" ind1=" " ind2=" ">
    <subfield code="a">&#x41A;&#x43E;&#x43F;&#x438;&#x44F; &#x434;&#x43E;&#x441;&#x442;&#x443;&#x43F;&#x43D;&#x430; &#x432; &#x42D;&#x43B;&#x435;&#x43A;&#x442;&#x440;&#x43E;&#x43D;. &#x431;-&#x43A;&#x435; &#x420;&#x41D;&#x411;</subfield>
  </datafield>
  <datafield tag="610" ind1="0" ind2=" ">
    <subfield code="a">&#x415;&#x432;&#x440;&#x43E;&#x43F;&#x435;&#x439;&#x441;&#x43A;&#x430;&#x44F; &#x447;&#x430;&#x441;&#x442;&#x44C; &#x420;&#x43E;&#x441;&#x441;&#x438;&#x439;&#x441;&#x43A;&#x43E;&#x439; &#x424;&#x435;&#x434;&#x435;&#x440;&#x430;&#x446;&#x438;&#x438;, &#x441;.-&#x445;. &#x43D;&#x430;&#x443;&#x43A;&#x438;</subfield>
  </datafield>
  <datafield tag="610" ind1="0" ind2=" ">
    <subfield code="a">&#x41A;&#x430;&#x43B;&#x443;&#x436;&#x441;&#x43A;&#x430;&#x44F; &#x43E;&#x431;&#x43B;., &#x441;.-&#x445;. &#x43D;&#x430;&#x443;&#x43A;&#x438;</subfield>
  </datafield>
  <datafield tag="675" ind1=" " ind2=" ">
    <subfield code="a">630</subfield>
    <subfield code="v">3</subfield>
    <subfield code="z">rus</subfield>
  </datafield>
  <datafield tag="686" ind1=" " ind2=" ">
    <subfield code="a">68.47</subfield>
    <subfield code="2">rugasnti</subfield>
  </datafield>
  <datafield tag="686" ind1=" " ind2=" ">
    <subfield code="a">43</subfield>
    <subfield code="2">rubbk</subfield>
  </datafield>
  <datafield tag="686" ind1=" " ind2=" ">
    <subfield code="a">06.03.03</subfield>
    <subfield code="2">oksvnk</subfield>
  </datafield>
  <datafield tag="700" ind1=" " ind2="1">
    <subfield code="a">&#x411;&#x438;&#x442;&#x43A;&#x43E;&#x432;</subfield>
    <subfield code="b">&#x41B;. &#x41C;.</subfield>
    <subfield code="g">&#x41B;&#x435;&#x43E;&#x43D;&#x438;&#x434; &#x41C;&#x438;&#x445;&#x430;&#x439;&#x43B;&#x43E;&#x432;&#x438;&#x447;</subfield>
    <subfield code="4">070</subfield>
  </datafield>
  <datafield tag="801" ind1=" " ind2="0">
    <subfield code="a">RU</subfield>
    <subfield code="b">RKP</subfield>
    <subfield code="c">20100412</subfield>
    <subfield code="g">PSBO</subfield>
  </datafield>
  <datafield tag="801" ind1=" " ind2="1">
    <subfield code="a">RU</subfield>
    <subfield code="b">RKP</subfield>
    <subfield code="c">20100412</subfield>
  </datafield>
  <datafield tag="801" ind1=" " ind2="2">
    <subfield code="a">RU</subfield>
    <subfield code="b">NLR</subfield>
    <subfield code="c">20100517</subfield>
    <subfield code="g">rcr</subfield>
  </datafield>
  <datafield tag="901" ind1=" " ind2=" ">
    <subfield code="e">&#x410;&#x432;&#x442;&#x43E;&#x440;&#x435;&#x444;&#x435;&#x440;&#x430;&#x442;&#x44B;</subfield>
  </datafield>
  <datafield tag="942" ind1=" " ind2=" ">
    <subfield code="c">BOOK</subfield>
  </datafield>
  <datafield tag="981" ind1="1" ind2="0">
    <subfield code="a">(10) &#x410;&#x432;&#x442;&#x43E;&#x440;&#x435;&#x444;&#x435;&#x440;&#x430;&#x442;&#x44B;</subfield>
  </datafield>
</record>
